000 00516 a2200193 4500
005 20260504103333.0
008 260504b |||||||| |||| 00| 0 eng d
020 _a9789390086436
_cRs. 1499.00
040 _aMAIN
082 _a355.033054
_bJ199F
100 _a Jai Shankar
245 _aFuture of Indian defence
260 _c2021
_aNew Delhi
_bR Sons Books
300 _avi, 288
650 _aNational Security- India
650 _aMilitary Policy- India
650 _aDefence Planning- India
942 _cBK
999 _c395412
_d395412